FROM CIRCUITS TO COMPUTERS A REVIEW OF THE PRINCIPLES OF ELECTRICAL AND ELECTRONIC ENGINEERING (Record no. 583350)

000 -LEADER
fixed length control field 00318nam a22001097a 4500
082 ## - DEWEY DECIMAL CLASSIFICATION NUMBER
Classification number 621.3192 FRO'S
100 ## - MAIN ENTRY--PERSONAL NAME
Personal name SOLYMAR, L
9 (RLIN) 40040
245 ## - TITLE STATEMENT
Title FROM CIRCUITS TO COMPUTERS A REVIEW OF THE PRINCIPLES OF ELECTRICAL AND ELECTRONIC ENGINEERING
260 ## - PUBLICATION, DISTRIBUTION, ETC.
Place of publication, distribution, etc. LONDON
Name of publisher, distributor, etc. CHAPMAN & HALL
Date of publication, distribution, etc. 1974
300 ## - PHYSICAL DESCRIPTION
Extent 184P
942 ## - ADDED ENTRY ELEMENTS (KOHA)
Koha item type Book
Holdings
Withdrawn status Lost status Damaged status Not for loan Permanent Location Current Location Shelving location Date acquired Total Checkouts Full call number Barcode Date last seen Price effective from Koha item type
        College of Electrical & Mechanical Engineering (CEME) College of Electrical & Mechanical Engineering (CEME) General Stacks 06/14/2017   621.3192 FRO'S CEME-8386 06/28/2021 06/28/2021 Book
© 2023 Central Library, National University of Sciences and Technology. All Rights Reserved.